[Event "BCF-chT3S 1617 (4NCL) Promotion pool"]
[Site "England"]
[Date "2017.04.29"]
[Round "9.21"]
[White "Rutter, Nicholas J"]
[Black "Gill, Oliver"]
[Result "1/2-1/2"]
[WhiteElo "2140"]
[BlackElo "2134"]
[PlyCount "86"]
[EventDate "2016.11.26"]
[EventType "team-tourn"]
[EventRounds "11"]
[EventCountry "ENG"]
[SourceTitle "EXT 2019"]
[Source "ChessBase"]
[SourceDate "2018.10.10"]
[SourceVersion "1"]
[SourceVersionDate "2018.10.10"]
[SourceQuality "1"]
[WhiteTeam "Shropshire"]
[BlackTeam "Wessex"]
[WhiteTeamCountry "ENG"]
[BlackTeamCountry "ENG"]

1. e4 e5 2. Nf3 Nf6 3. Nxe5 d6 4. Nf3 Nxe4 5. Nc3 Nxc3 6. dxc3 Be7 7. Be3 0-0 8. Qd2 Qe8 9. 0-0-0 Qa4 10. Kb1 Be6 11. b3 Qa5 12. h4 Nc6 13. Bg5 Rfe8 14. Bxe7 Rxe7 15. Bd3 Rae8 16. Ng5 h6 17. Nxe6 Rxe6 18. g4 d5 19. g5 d4 20. cxd4 Qxd2 21. Rxd2 Nxd4 22. g6 Re1+ 23. Rd1 Rxh1 24. Rxh1 f6 25. Rd1 Kf8 26. Bc4 Rd8 27. Kb2 Nc6 28. Rxd8+ Nxd8 29. f4 Ke7 30. Kc3 Kd6 31. Kd3 Nc6 32. Ke4 Ne7 33. h5 Kc5 34. c3 a5 35. Bf7 b5 36. a3 b4 37. cxb4+ axb4 38. a4 Nc6 39. Bc4 Na5 40. Be6 Nc6 41. Bf7 Kd6 42. Bc4 Kc5 43. Bf7 Kd6 1/2-1/2

[Event "BCF-chT3Sc 1516 (4NCL)"]
[Site "England"]
[Date "2016.05.02"]
[Round "11.75"]
[White "Farkas, Daniel"]
[Black "Rutter, Nicholas J"]
[Result "0-1"]
[WhiteElo "2107"]
[BlackElo "2215"]
[PlyCount "72"]
[EventDate "2016.03.20"]
[EventType "team-swiss"]
[EventRounds "11"]
[EventCountry "ENG"]
[SourceTitle "EXT 2017"]
[Source "ChessBase"]
[SourceDate "2016.10.25"]
[SourceVersion "1"]
[SourceVersionDate "2016.10.25"]
[SourceQuality "1"]
[WhiteTeam "Fermented Sharks"]
[BlackTeam "Shropshire"]
[WhiteTeamCountry "ENG"]
[BlackTeamCountry "ENG"]

1. e4 c5 2. c3 d5 3. exd5 Qxd5 4. d4 Nc6 5. Nf3 Bf5 6. Be3 Nf6 7. Nbd2 cxd4 8. Bc4 dxe3 9. Bxd5 exd2+ 10. Qxd2 0-0-0 11. Rd1 Rxd5 12. Qe2 Rxd1+ 13. Qxd1 e5 14. 0-0 Bg4 15. Qc2 Bxf3 16. Qf5+ Kc7 17. Qxf3 Bd6 18. b4 e4 19. Qe2 Kb8 20. Rd1 Bc7 21. a4 Ne5 22. a5 Nd3 23. f3 Nf4 24. Qe3 N6d5 25. Qc5 Nxc3 26. Rd7 Rc8 27. Qe7 Nfd5 28. Qxf7 e3 29. Rxd5 Nxd5 30. Qxd5 e2 31. Kf2 Re8 32. Ke1 Bxh2 33. f4 Bxf4 34. Qd3 h5 35. g3 Bc7 36. Qg6 Re3 0-1

[Event "BCF-chT3Sa 1516 (4NCL)"]
[Site "England"]
[Date "2016.01.17"]
[Round "4.76"]
[White "Rutter, Nicholas J"]
[Black "Rees, Ioan"]
[Result "0-1"]
[WhiteElo "2215"]
[BlackElo "2242"]
[PlyCount "88"]
[EventDate "2015.11.14"]
[EventType "team-swiss"]
[EventRounds "7"]
[EventCountry "ENG"]
[SourceTitle "CBM 170 Extra"]
[Source "ChessBase"]
[SourceDate "2016.02.25"]
[SourceVersion "1"]
[SourceVersionDate "2016.02.25"]
[SourceQuality "1"]
[WhiteTeam "Shropshire"]
[BlackTeam "West is Best"]
[WhiteTeamCountry "ENG"]
[BlackTeamCountry "ENG"]

1. e4 c5 2. Nf3 Nc6 3. d4 cxd4 4. Nxd4 e5 5. Nb5 d6 6. N1c3 a6 7. Na3 Be7 8. Nc4 b5 9. Ne3 Nf6 10. Bd3 0-0 11. Ncd5 Nxd5 12. Nxd5 Bg5 13. 0-0 Be6 14. a4 Bxc1 15. Qxc1 Rb8 16. axb5 axb5 17. Ne3 Qb6 18. Qd2 Ne7 19. Rfd1 Rfd8 20. Ra5 b4 21. Rda1 Nc6 22. Ra6 Qb7 23. Bf1 Nd4 24. f3 d5 25. Ra7 Qc8 26. Qf2 dxe4 27. fxe4 Qc6 28. Bd3 Ra8 29. Rxa8 Rxa8 30. Rxa8+ Qxa8 31. Qe1 Qa7 32. Kf1 Qc5 33. Qd2 g6 34. b3 Kg7 35. Bc4 Bxc4+ 36. Nxc4 Qc6 37. Nxe5 Qf6+ 38. Nf3 Nxf3 39. gxf3 Qxf3+ 40. Kg1 Qxe4 41. Qf2 h5 42. Qc5 h4 43. Qc8 g5 44. Qc5 Qf4 0-1

[Event "BCF-chT2a 1213 (4NCL)"]
[Site "England"]
[Date "2013.02.23"]
[Round "5.33"]
[White "Batchelor, Peter"]
[Black "Rutter, Nicholas J"]
[Result "1/2-1/2"]
[WhiteElo "2127"]
[BlackElo "2193"]
[PlyCount "149"]
[EventDate "2012.11.03"]
[EventType "team-tourn"]
[EventRounds "7"]
[EventCountry "ENG"]
[SourceTitle "EXT 2014"]
[Source "ChessBase"]
[SourceDate "2013.11.20"]
[SourceVersion "1"]
[SourceVersionDate "2013.11.20"]
[SourceQuality "1"]
[WhiteTeam "Grantham Pandora's Box"]
[BlackTeam "Wessex"]
[WhiteTeamCountry "ENG"]
[BlackTeamCountry "ENG"]

1. d4 d5 2. Nf3 Nf6 3. c4 c6 4. g3 Bf5 5. Bg2 Nbd7 6. Nbd2 e6 7. 0-0 Be7 8. b3 Ne4 9. Bb2 0-0 10. Nxe4 Bxe4 11. Nd2 Bxg2 12. Kxg2 a5 13. a3 b5 14. e4 bxc4 15. bxc4 Qb6 16. Bc3 Qa6 17. exd5 exd5 18. Re1 Bf6 19. cxd5 cxd5 20. Qf3 Nb6 21. Nb3 a4 22. Nc5 Qc8 23. Reb1 Nd7 24. Rb5 Qc6 25. Rab1 Rfb8 26. Rxb8+ Rxb8 27. Rxb8+ Nxb8 28. Qd1 Be7 29. Qxa4 Qxa4 30. Nxa4 Bxa3 31. Nb6 f6 32. Nxd5 Kf7 33. Kf3 f5 34. Ne3 g6 35. Nc4 Be7 36. Ke3 Nd7 37. d5 Bd8 38. Bd4 h6 39. Kd3 g5 40. Nd6+ Kg6 41. Nb7 Bf6 42. d6 Kf7 43. Kc4 Ke6 44. f3 Be5 45. Bc5 Bf6 46. f4 h5 47. Be3 gxf4 48. Bxf4 Ne5+ 49. Kc5 h4 50. Bxe5 Kxe5 51. d7 hxg3 52. hxg3 f4 53. gxf4+ Kxf4 54. Kd5 Kf5 55. Nd6+ Kg6 56. Ke6 Bd8 57. Nf7 Ba5 58. Ne5+ Kg7 59. Ke7 Bb4+ 60. Ke6 Ba5 61. Ke7 Bc7 62. Nf7 Ba5 63. Nd6 Kg6 64. Nb7 Bc7 65. Ke6 Bb6 66. Kd6 Kf7 67. Kc6 Ke7 68. Nd6 Ba5 69. Ne4 Ke6 70. Nc5+ Ke7 71. Na6 Kd8 72. Nb8 Bc7 73. Na6 Ba5 74. Nc5 Ke7 75. Na6 1/2-1/2

[Event "BCF-chT3 1112 (4NCL)"]
[Site "England"]
[Date "2012.05.07"]
[Round "9.32"]
[White "Myall, Ivan J"]
[Black "Rutter, Nicholas J"]
[Result "0-1"]
[WhiteElo "2060"]
[BlackElo "2198"]
[PlyCount "122"]
[EventDate "2011.11.12"]
[EventType "team-swiss"]
[EventRounds "11"]
[EventCountry "ENG"]
[SourceTitle "EXT 2013"]
[Source "ChessBase"]
[SourceDate "2012.11.22"]
[SourceVersion "1"]
[SourceVersionDate "2012.11.22"]
[SourceQuality "1"]
[WhiteTeam "Anglian Avengers II"]
[BlackTeam "Wessex"]
[WhiteTeamCountry "ENG"]
[BlackTeamCountry "ENG"]

1. e4 c5 2. c3 d5 3. exd5 Qxd5 4. d4 g6 5. Be3 cxd4 6. Qxd4 Nf6 7. Qxd5 Nxd5 8. Bd4 f6 9. Bc4 Be6 10. Nf3 Nc6 11. Nbd2 Bh6 12. Ne4 Rc8 13. Bxd5 Bxd5 14. Bxf6 0-0 15. Bg5 Bxg5 16. Nexg5 h6 17. Nh3 Bxf3 18. gxf3 Rxf3 19. Ng1 Rf6 20. Ne2 Ne5 21. 0-0 Nf3+ 22. Kh1 Rc5 23. Ng3 Rc4 24. Kg2 Rh4 25. h3 Ng5 26. Rh1 Ne6 27. Ne2 Rh5 28. h4 Rhf5 29. Rhf1 Re5 30. Ng3 g5 31. hxg5 hxg5 32. Rad1 Nf4+ 33. Kg1 Rb6 34. b3 Kf7 35. Rfe1 Rd6 36. Kf1 Rxe1+ 37. Rxe1 Rd2 38. Ne4 Rxa2 39. Nxg5+ Ke8 40. Ne4 b6 41. b4 Kd7 42. c4 a5 43. bxa5 bxa5 44. Nc3 Rc2 45. Rd1+ Kc6 46. Nd5 Nxd5 47. Rxd5 a4 48. Re5 a3 49. Ra5 a2 50. Kg2 Kb6 51. Ra4 Kc5 52. Kf3 Kd4 53. c5+ Kxc5 54. Ke3 Kb5 55. Ra8 Kb4 56. f4 Rc3+ 57. Kd4 Ra3 58. Rb8+ Ka4 59. Kc4 Rc3+ 60. Kd4 Rc1 61. Ra8+ Kb3 0-1

[Event "BCF-chT2 1011 (4NCL)"]
[Site "England"]
[Date "2011.05.02"]
[Round "11.23"]
[White "Rutter, Nicholas J"]
[Black "Spence, David"]
[Result "1-0"]
[WhiteElo "2191"]
[BlackElo "2207"]
[PlyCount "63"]
[EventDate "2010.11.06"]
[EventType "team-swiss"]
[EventRounds "11"]
[EventCountry "ENG"]
[SourceTitle "EXT 2012"]
[Source "ChessBase"]
[SourceDate "2011.11.24"]
[SourceVersion "1"]
[SourceVersionDate "2011.11.24"]
[SourceQuality "1"]
[WhiteTeam "Wessex"]
[BlackTeam "Anglian Avengers"]
[WhiteTeamCountry "ENG"]
[BlackTeamCountry "ENG"]

1. e4 e6 2. d4 d5 3. Nc3 Bb4 4. Nge2 Nc6 5. a3 Ba5 6. e5 Nge7 7. b4 Bb6 8. Na4 Bd7 9. c3 0-0 10. b5 Na5 11. Nxb6 axb6 12. Rb1 f6 13. exf6 gxf6 14. Ng3 e5 15. Be2 Kh8 16. 0-0 e4 17. Bh6 Rg8 18. c4 c6 19. cxd5 cxd5 20. Rc1 Rc8 21. f3 e3 22. Bxe3 Nc4 23. Bxc4 dxc4 24. d5 Bxb5 25. d6 Ng6 26. Rb1 Qd7 27. Bd4 Rcf8 28. Nh5 Nh4 29. Nxf6 Rxg2+ 30. Kh1 Qh3 31. Ng4+ Kg8 32. Nh6# 1-0

[Event "BCF-chT2 1011 (4NCL)"]
[Site "England"]
[Date "2011.04.30"]
[Round "9.15"]
[White "Rutter, Nicholas J"]
[Black "Sanders, Isaac B"]
[Result "0-1"]
[WhiteElo "2191"]
[BlackElo "1989"]
[PlyCount "68"]
[EventDate "2010.11.06"]
[EventType "team-swiss"]
[EventRounds "11"]
[EventCountry "ENG"]
[SourceTitle "EXT 2012"]
[Source "ChessBase"]
[SourceDate "2011.11.24"]
[SourceVersion "1"]
[SourceVersionDate "2011.11.24"]
[SourceQuality "1"]
[WhiteTeam "Wessex"]
[BlackTeam "Barbican Youth"]
[WhiteTeamCountry "ENG"]
[BlackTeamCountry "ENG"]

1. e4 c5 2. Nf3 d6 3. d4 cxd4 4. Nxd4 Nf6 5. Nc3 a6 6. Bg5 e6 7. f4 Be7 8. Qf3 Nbd7 9. 0-0-0 Qc7 10. g4 b5 11. Bxf6 gxf6 12. Bd3 Bb7 13. Rhe1 0-0-0 14. a3 Nc5 15. Qe3 Kb8 16. Kb1 Rhg8 17. Be2 Rc8 18. Rc1 Nd7 19. Bf3 Nb6 20. Be2 Rgd8 21. f5 e5 22. Nb3 Nc4 23. Bxc4 bxc4 24. Nd2 d5 25. Nxd5 Bxd5 26. exd5 Rxd5 27. Ne4 Bc5 28. Qe2 Qb7 29. Ka2 Be7 30. Red1 c3 31. bxc3 Ra5 32. Nd6 Bxd6 33. Rxd6 Rxc3 34. Rd8+ Kc7 0-1

[Event "BCF-chT2 1011 (4NCL)"]
[Site "England"]
[Date "2010.11.07"]
[Round "2.84"]
[White "Rutter, Nicholas J"]
[Black "Burton, Graham P"]
[Result "1-0"]
[WhiteElo "2191"]
[BlackElo "2070"]
[PlyCount "97"]
[EventDate "2010.11.06"]
[EventType "team-swiss"]
[EventRounds "11"]
[EventCountry "ENG"]
[SourceTitle "EXT 2012"]
[Source "ChessBase"]
[SourceDate "2011.11.24"]
[SourceVersion "1"]
[SourceVersionDate "2011.11.24"]
[SourceQuality "1"]
[WhiteTeam "Wessex"]
[BlackTeam "3CS Oldham"]
[WhiteTeamCountry "ENG"]
[BlackTeamCountry "ENG"]

1. e4 c5 2. Nf3 e6 3. d4 cxd4 4. Nxd4 Nc6 5. Nc3 Qc7 6. Be3 a6 7. Bd3 b5 8. Nxc6 Qxc6 9. 0-0 Bb7 10. Kh1 Bc5 11. Qe1 Ne7 12. f3 Bxe3 13. Qxe3 b4 14. Ne2 0-0 15. Rfc1 Ng6 16. c3 bxc3 17. Rxc3 Qd6 18. Qd4 Qxd4 19. Nxd4 d5 20. exd5 Bxd5 21. Rac1 Nf4 22. Bf1 e5 23. Nc6 Bxa2 24. g3 Ng6 25. b3 Rfc8 26. Bd3 Rc7 27. Nb4 Rxc3 28. Rxc3 Bxb3 29. Rxb3 a5 30. Nc6 f6 31. Ra3 Kf8 32. Rxa5 Rxa5 33. Nxa5 Ne7 34. Be4 g6 35. Bb7 Kf7 36. Nc6 Nxc6 37. Bxc6 f5 38. Kg2 Kf6 39. Kf2 h6 40. h4 g5 41. hxg5+ Kxg5 42. Ke3 h5 43. Bd7 Kf6 44. Be8 Kg5 45. Bd7 Kf6 46. Kf2 Kg5 47. Kg2 Kf6 48. Kh3 Kg5 49. Bc6 1-0

[Event "BCF-chT2c 0809 (4NCL) Promotion pool"]
[Site "Hinckley Island"]
[Date "2009.05.03"]
[Round "11.1"]
[White "Rutter, Nicholas J"]
[Black "Williams, Simon Kim"]
[Result "1/2-1/2"]
[WhiteElo "2181"]
[BlackElo "2512"]
[PlyCount "38"]
[EventDate "2008.10.04"]
[EventType "team-tourn"]
[EventRounds "4"]
[EventCountry "ENG"]
[SourceTitle "EXT 2010"]
[Source "ChessBase"]
[SourceDate "2010.11.25"]
[SourceVersion "1"]
[SourceVersionDate "2010.11.25"]
[SourceQuality "1"]
[WhiteTeam "Wessex"]
[BlackTeam "Jutes of Kent"]
[WhiteTeamCountry "ENG"]
[BlackTeamCountry "ENG"]

1. e4 c5 2. Nf3 d6 3. d4 cxd4 4. Nxd4 Nf6 5. Nc3 g6 6. Be3 a6 7. f3 b5 8. a4 b4 9. Na2 e5 10. Nb3 d5 11. Bg5 d4 12. Bd3 h6 13. Bd2 Nc6 14. 0-0 Nh5 15. Qe2 Be7 16. Bc4 Qb6 17. Kh1 a5 18. Nac1 Bg5 19. Nd3 Ba6 1/2-1/2

[Event "BCF-chT2b 0809 (4NCL)"]
[Site "Hinckley Island"]
[Date "2009.03.21"]
[Round "7.2"]
[White "Maciol, Ryszard"]
[Black "Rutter, Nicholas J"]
[Result "0-1"]
[WhiteElo "2248"]
[BlackElo "2187"]
[PlyCount "75"]
[EventDate "2008.10.04"]
[EventType "team-tourn"]
[EventRounds "7"]
[EventCountry "ENG"]
[SourceTitle "EXT 2010"]
[Source "ChessBase"]
[SourceDate "2010.11.25"]
[SourceVersion "1"]
[SourceVersionDate "2010.11.25"]
[SourceQuality "1"]
[WhiteTeam "Celtic Tigers"]
[BlackTeam "Wessex"]
[WhiteTeamCountry "ENG"]
[BlackTeamCountry "ENG"]

1. d4 d5 2. c4 c6 3. Nf3 Nf6 4. Nc3 e6 5. cxd5 exd5 6. Qc2 Be7 7. Bg5 0-0 8. e3 Nbd7 9. Bd3 Re8 10. Ne5 Nf8 11. 0-0-0 Ng4 12. Bf4 Nxe5 13. Bxe5 Bd6 14. Bxd6 Qxd6 15. Kb1 Bg4 16. f3 Bh5 17. Rhe1 Bg6 18. g3 Bxd3 19. Qxd3 Qh6 20. Re2 Rad8 21. e4 Qg6 22. e5 Qxd3+ 23. Rxd3 Ne6 24. f4 g6 25. Rf2 b6 26. h4 Nc7 27. g4 Kg7 28. h5 c5 29. Ne2 Ne6 30. a3 Rd7 31. Rh3 cxd4 32. hxg6 fxg6 33. f5 Ng5 34. e6 Nxh3 35. f6+ Kf8 36. exd7 Nxf2 37. dxe8Q+ Kxe8 38. g5 0-1

[Event "BCF-chT2b 0809 (4NCL)"]
[Site "Hinckley Island"]
[Date "2009.01.18"]
[Round "6.5"]
[White "Granat, Russell"]
[Black "Rutter, Nicholas J"]
[Result "1-0"]
[WhiteElo "2257"]
[BlackElo "2187"]
[PlyCount "116"]
[EventDate "2008.10.04"]
[EventType "team-tourn"]
[EventRounds "7"]
[EventCountry "ENG"]
[SourceTitle "EXT 2010"]
[Source "ChessBase"]
[SourceDate "2010.11.25"]
[SourceVersion "1"]
[SourceVersionDate "2010.11.25"]
[SourceQuality "1"]
[WhiteTeam "Guildford III"]
[BlackTeam "Wessex"]
[WhiteTeamCountry "ENG"]
[BlackTeamCountry "ENG"]

1. e4 c5 2. Nf3 Nc6 3. d4 cxd4 4. Nxd4 Nf6 5. Nc3 e5 6. Nb3 Bb4 7. Bg5 h6 8. Bxf6 Bxc3+ 9. bxc3 Qxf6 10. Bc4 0-0 11. 0-0 d6 12. Qe2 Be6 13. Rad1 Rac8 14. Bd5 Bxd5 15. Rxd5 Ne7 16. Rd3 Rfd8 17. Rfd1 Qe6 18. Qd2 b6 19. f4 exf4 20. Qxf4 Ng6 21. Qe3 Ne5 22. Rd5 Qg4 23. h3 Nc4 24. Qe1 Qf4 25. R1d3 Re8 26. R5d4 Ne5 27. Re3 Re6 28. Nc1 Rg6 29. Qf2 Qg5 30. Ne2 Rf6 31. Qg3 Qxg3 32. Rxg3 Rc5 33. Ra4 a5 34. Nd4 Nc4 35. Nb3 Rc8 36. Nd4 Kf8 37. Rd3 Nb2 38. Ra3 Rf4 39. Rb3 Nxd3 40. cxd3 a4 41. Rxb6 Rf6 42. c4 Re8 43. Rb4 d5 44. cxd5 Ra6 45. a3 g6 46. Kf2 Raa8 47. Nc6 Ra6 48. Ke3 g5 49. Kd4 h5 50. Kc4 Kg7 51. e5 Kg6 52. g4 hxg4 53. hxg4 Rh8 54. Ne7+ Kg7 55. d6 Rh3 56. Kd4 f5 57. Nxf5+ Kg6 58. e6 Rh8 1-0